[Event "Summer Tournament"]
[Site "SchemingMind.com"]
[Date "2011.07.06"]
[Round "-"]
[White "pclaxton"]
[Black "jacksrking"]
[Result "1-0"]
[WhiteCountry "ENG"]
[BlackCountry "USA"]
[WhiteElo "1298"]
[WhiteRD "61"]
[BlackElo "1308"]
[BlackRD "61"]
[GameID "288201"]

1. e4 c5 2. c4 Nc6 3. Qg4 Nf6 4. Qf5 e6 5. Qf3 Bd6 6. Ne2 O-O 7. d3 Qc7 8. Nbc3 a6 9. Bg5 Be5 10. O-O-O Nd4
11. Nxd4 Bxd4 12. Kc2 Qc6 13. Re1 h6 14. Bxf6 Bxf6 15. g3
1-0

[Event "Summer Tournament"]
[Site "SchemingMind.com"]
[Date "2011.07.05"]
[Round "-"]
[White "pclaxton"]
[Black "bartleby en passant"]
[Result "0-1"]
[WhiteCountry "ENG"]
[BlackCountry "IRL"]
[WhiteElo "1253"]
[WhiteRD "63"]
[BlackElo "1585"]
[BlackRD "76"]
[GameID "288202"]

1. e4 e5 2. Nf3 Nf6 3. Nxe5 d6 4. Nf3 Nxe4 5. d3 Nf6 6. Nc3 Bg4 7. b3 Qe7+ 8. Be2 Bxf3 9. gxf3 Nc6 10. Bg5 h6
11. Be3 Qe5 12. Na4 b5 13. d4 Qh5 14. f4 Qf5 15. Bxb5 Qxb5 16. c4 Qf5 17. d5 Nb4 18. O-O Nd3 19. Qc2 Qg4+ 20. Kh1 Qf3+
21. Kg1 Nxf4 22. Bxf4 Qxf4 23. Rae1+ Be7 24. Re4 Nxe4 25. f3 Ng5 26. Qc3 O-O 27. Kg2 Rae8 28. Rd1 Bf6
0-1

[Event "Summer Tournament"]
[Site "SchemingMind.com"]
[Date "2011.07.05"]
[Round "-"]
[White "pclaxton"]
[Black "lennart"]
[Result "0-1"]
[WhiteCountry "ENG"]
[BlackCountry "SWE"]
[WhiteElo "1298"]
[WhiteRD "61"]
[BlackElo "1507"]
[BlackRD "58"]
[GameID "288203"]

1. e4 e5 2. Nf3 Nf6 3. Nxe5 Nxe4 4. d3 Nd6 5. Bf4 Qf6 6. Qf3 Nf5 7. Qe4 Be7 8. c3 c6 9. Ng4 Qe6 10. Qxe6 dxe6
11. Nd2 O-O 12. Bxb8 Rxb8 13. d4 b5 14. Bd3 Nd6 15. O-O-O a5 16. a3 b4 17. axb4 axb4 18. c4 Ba6 19. b3 Ra8 20. Ne5 Rfc8
21. f3 Ra7 22. c5 Bxd3 23. cxd6 Ra1+ 24. Kb2 Rxd1 25. Rxd1 Bf6 26. Ndc4 Bf5 27. d7 Rd8 28. Nxc6 Rxd7 29. g4 Bg6 30. g5 Bxg5
31. N4e5 Rc7 32. Nxb4 Bh5 33. Rg1 Bd2 34. Na6 Ra7 35. Nc5 Be3 36. Rg5 Bxg5 37. Nc6 Rc7 38. Na5 Be3 39. Na6 Bxd4+ 40. Ka3 Ra7
41. Kb4 Rxa6 42. Nc4 Bxf3 43. Kb5 Ra2 44. h4 e5 45. b4 e4 46. Kc6 e3+ 47. Kd6 e2 48. b5 e1=Q
0-1

[Event "Summer Tournament"]
[Site "SchemingMind.com"]
[Date "2011.07.05"]
[Round "-"]
[White "pclaxton"]
[Black "ramesse"]
[Result "0-1"]
[WhiteCountry "ENG"]
[BlackCountry "SVK"]
[WhiteElo "1317"]
[WhiteRD "59"]
[BlackElo "1877"]
[BlackRD "94"]
[GameID "288204"]

1. e4 c5 2. d3 Nc6 3. Be3 e6 4. Nc3 Nf6 5. Nge2 b5 6. Nxb5 Rb8 7. c4 a6 8. Nbc3 Rxb2 9. Na4 Qa5+ 10. Nac3 Rxe2+
11. Kxe2 Qxc3 12. Rc1 Nd4+ 13. Bxd4 Qxd4 14. Kf3 d5 15. Qe2 dxe4+ 16. dxe4 e5 17. Rd1 Bg4+ 18. Kg3 Nxe4+ 19. Kxg4 Nxf2+ 20. Kf3 Qf4#
0-1

[Event "Summer Tournament"]
[Site "SchemingMind.com"]
[Date "2011.07.05"]
[Round "-"]
[White "Mitch The Man"]
[Black "pclaxton"]
[Result "1-0"]
[WhiteCountry "USA"]
[BlackCountry "ENG"]
[WhiteElo "1399"]
[WhiteRD "58"]
[BlackElo "1298"]
[BlackRD "61"]
[GameID "288205"]

1. e4 e5 2. Nf3 Nc6 3. Bc4 Nf6 4. d3 d6 5. O-O Qe7 6. Ng5 Nd4 7. Nxf7 Rg8 8. Nxd6+ cxd6 9. Bxg8 Nxg8 10. Be3 Ne6
11. Qh5+ g6 12. Qe2 Bh6 13. Bxh6 Nxh6 14. Nc3 Nd4 15. Qd2 Ng4 16. f3 Nf6 17. Ne2 Nxe2+ 18. Qxe2 Be6 19. Qe3 O-O-O 20. Qxa7 Rd7
21. Qa8+ Kc7 22. Qa5+ Kc6 23. Qa4+ Kc7 24. Qa5+ Kc6 25. c4 b6 26. Qa8+ Kc7 27. b4 Rd8 28. Qa7+ Kc8 29. Qa8+ Kd7 30. Qb7+ Ke8
31. Qxb6 Nd7 32. Qb5 Rb8 33. Qa4 Qg5 34. Qc2 Rxb4 35. a3 Rb6 36. Rf2 Nf6 37. Qa4+ Ke7 38. Qa7+ Nd7 39. Qa5 Rb3 40. Rd1 Nc5
41. Re2 Nxd3 42. Qa7+ Kf6 43. Qa5 Qf4 44. Rf1 Bxc4 45. Qd8+ Ke6 46. Qc8+ Kf6= 47. Qxc4 Rxa3 48. Qc7 Kg5 49. Qxd6 Rc3 50. Qb6 Rc1
51. Qd8+ Kh5 52. Qxd3 g5 53. Rxc1 Qxc1+ 54. Kf2 g4 55. fxg4+ Kxg4 56. Qh3+ Kf4 57. Qf5#
1-0

[Event "Summer Tournament"]
[Site "SchemingMind.com"]
[Date "2011.07.05"]
[Round "-"]
[White "grabapawn"]
[Black "pclaxton"]
[Result "1-0"]
[WhiteCountry "USA"]
[BlackCountry "ENG"]
[WhiteElo "1627"]
[WhiteRD "66"]
[BlackElo "1298"]
[BlackRD "61"]
[GameID "288206"]

1. e4 e5 2. d4 Nc6 3. Nf3 d5 4. Nc3 Be6 5. Be3 Bb4 6. Bb5 Bxc3+ 7. bxc3 Bd7 8. exd5 Nce7 9. Bxd7+ Qxd7 10. c4 O-O-O
11. Nxe5 Qf5 12. Qd3 f6 13. Nf7 Qxd3 14. cxd3 Nh6 15. Nxh8 Rxh8 16. Bxh6 gxh6 17. Kd2 Nf5 18. Kc3 b6 19. h4 c5 20. dxc5 bxc5
21. Rab1 Kc7 22. g3 Re8 23. Rhe1 Rg8 24. Re6 Rg6 25. Ra6 Nd6 26. Rxa7+ Kd8 27. Rb8+ Nc8 28. Raa8 Kd7 29. Rxc8 Kd6 30. Ra6+ Ke5
31. Rxc5 Rg8 32. d6+ Ke6 33. Rd5 Kd7 34. c5 f5 35. c6+ Ke6 36. Kc4 Rg4+ 37. d4 Kf6 38. d7 Ke6 39. d8=Q f4 40. c7+ Kf7
41. Rd7#
1-0

[Event "Summer Tournament"]
[Site "SchemingMind.com"]
[Date "2011.07.06"]
[Round "-"]
[White "jacksrking"]
[Black "pclaxton"]
[Result "0-1"]
[WhiteCountry "USA"]
[BlackCountry "ENG"]
[WhiteElo "1308"]
[WhiteRD "61"]
[BlackElo "1298"]
[BlackRD "61"]
[GameID "288207"]

1. e4 c5 2. Nf3 Nf6 3. Nc3 d6 4. d4 Nbd7 5. Bb5 b6 6. Bc6 Rb8 7. Bf4 Qc7 8. d5 e6 9. O-O exd5 10. exd5 Rg8
11. Qe2+ Kd8 12. Rfe1 Ne5 13. Nxe5 dxe5 14. Bxe5 Qe7
0-1

[Event "Summer Tournament"]
[Site "SchemingMind.com"]
[Date "2011.07.05"]
[Round "-"]
[White "bartleby en passant"]
[Black "pclaxton"]
[Result "1-0"]
[WhiteCountry "IRL"]
[BlackCountry "ENG"]
[WhiteElo "1585"]
[WhiteRD "76"]
[BlackElo "1253"]
[BlackRD "63"]
[GameID "288208"]

1. d4 d5 2. c4 Nf6 3. c5 c6 4. b4 Na6 5. a3 Bf5 6. Nc3 e6 7. Bg5 Be7 8. Bxf6 Bxf6 9. e3 g6 10. Nf3 O-O
11. Bd3 Bg4 12. h3 Bxf3 13. Qxf3 Bg7 14. O-O b6 15. Bxa6 b5 16. Bxb5 cxb5 17. Nxb5 a6 18. Nd6 Ra7 19. Rfe1 f6 20. e4 f5
21. e5 a5 22. b5 Qc7 23. b6 Qe7 24. bxa7 Qxa7 25. Rab1 a4 26. Rb7 Qa5 27. Reb1 Qa8 28. Qd3 Rd8 29. Qb5
1-0

[Event "Summer Tournament"]
[Site "SchemingMind.com"]
[Date "2011.07.05"]
[Round "-"]
[White "lennart"]
[Black "pclaxton"]
[Result "0-1"]
[WhiteCountry "SWE"]
[BlackCountry "ENG"]
[WhiteElo "1526"]
[WhiteRD "56"]
[BlackElo "1317"]
[BlackRD "59"]
[GameID "288209"]

1. e4 e5 2. Nf3 Nc6 3. d3 d6 4. Nc3 Bg4 5. h3 Bxf3 6. Qxf3 Nd4 7. Qg4 Nxc2+ 8. Kd1 Nxa1 9. Qe2 Qh4 10. Be3 O-O-O
11. Qd2 b6 12. Qc1 Qh5+ 13. Be2 Qg6 14. g3 f5 15. Qxa1 fxe4 16. Nxe4 d5 17. Nd2 d4 18. Nc4 dxe3 19. Nxe5 Qf5 20. Nf3 Nf6
21. fxe3 Bd6 22. g4 Qe6 23. e4 Rde8 24. Qc1 Qxa2 25. d4 Rxe4 26. Ke1 Bg3+ 27. Kf1 Rhe8 28. Bd1 Qa6+ 29. Kg2 Be1 30. g5 Re2+
0-1

[Event "Summer Tournament"]
[Site "SchemingMind.com"]
[Date "2011.07.05"]
[Round "-"]
[White "ramesse"]
[Black "pclaxton"]
[Result "1-0"]
[WhiteCountry "SVK"]
[BlackCountry "ENG"]
[WhiteElo "1877"]
[WhiteRD "94"]
[BlackElo "1317"]
[BlackRD "59"]
[GameID "288210"]

1. e4 e5 2. Nf3 Nc6 3. Bb5 f6 4. d4 d6 5. d5 a6 6. Bd3 Nb4 7. Be2 c6 8. c3 Qb6 9. cxb4 Qxb4+ 10. Nc3 Ne7
11. a3 Qb6 12. O-O Qa7 13. dxc6 bxc6 14. Qxd6 Qb7 15. Nxe5 fxe5 16. Qxe5 Bd7 17. Rd1 Rg8 18. Bc4 Rh8 19. Na4 O-O-O 20. Qd4 Bg4
21. Qxd8#
1-0

[Event "Summer Tournament"]
[Site "SchemingMind.com"]
[Date "2011.07.07"]
[Round "-"]
[White "aadaam"]
[Black "Mitch The Man"]
[Result "0-1"]
[WhiteCountry "INT"]
[BlackCountry "USA"]
[WhiteElo "1556"]
[WhiteRD "87"]
[BlackElo "1381"]
[BlackRD "58"]
[GameID "288305"]

1. d4 d5 2. c4 dxc4 3. e3 b5 4. a4 Bd7 5. axb5 Bxb5 6. Nc3 c6 7. b3 cxb3 8. Nxb5 cxb5 9. Bxb5+ Nd7 10. Qxb3 Nf6
11. Nf3 g6 12. O-O Bh6 13. Ne5 O-O 14. Nxd7 Nxd7 15. Bc6 Rb8 16. Qa4 Rc8 17. d5 Ne5 18. Qxa7 Nxc6 19. dxc6 Rxc6 20. Ba3 Rc7
21. Qb6 Bg7 22. Rad1 Qb8 23. Rb1 Qxb6 24. Rxb6 Ra8 25. Bb4 Ra2 26. Rb8+ Bf8 27. Rd1 Rcc2 28. Bxe7 Rxf2 29. Rxf8+ Kg7 30. Bd6 Rxg2+
31. Kh1 Rge2 32. Re8 Red2 33. Rxd2 Rxd2 34. Bc5 Kh6 35. Re4 Rd1+ 36. Kg2 Rd2+ 37. Kg3 g5 38. h4 Rd5 39. hxg5+ Rxg5+
0-1

[Event "Summer Tournament"]
[Site "SchemingMind.com"]
[Date "2011.07.07"]
[Round "-"]
[White "aadaam"]
[Black "grabapawn"]
[Result "0-1"]
[WhiteCountry "INT"]
[BlackCountry "USA"]
[WhiteElo "1556"]
[WhiteRD "87"]
[BlackElo "1573"]
[BlackRD "69"]
[GameID "288306"]

1. d4 c5 2. d5 e6 3. c4 d6 4. Nc3 Nf6 5. e4 Be7 6. Nf3 e5 7. Be2 O-O 8. O-O a6 9. h3 Nbd7 10. Be3 Nh5
11. g4 Nf4 12. Kh2 Nf6 13. Bd3 Nxg4+ 14. hxg4 Bxg4 15. Bxf4 exf4 16. Rg1 h5 17. e5 dxe5 18. Rxg4 hxg4 19. Nxe5 g3+ 20. fxg3 fxg3+
21. Kg2 Qd6 22. Qh5 Qh6 23. Qxh6 gxh6 24. Kxg3 Bd6
0-1

[Event "Summer Tournament"]
[Site "SchemingMind.com"]
[Date "2011.07.08"]
[Round "-"]
[White "aadaam"]
[Black "jacksrking"]
[Result "1-0"]
[WhiteCountry "INT"]
[BlackCountry "USA"]
[WhiteElo "1611"]
[WhiteRD "83"]
[BlackElo "1308"]
[BlackRD "61"]
[GameID "288307"]

1. d4 d5 2. c4 e6 3. Nc3 Bb4 4. e3 Bxc3+ 5. bxc3 Nf6 6. Nf3 Nc6 7. Bd3 Bd7 8. Qc2 O-O 9. O-O a5 10. Ba3 Re8
11. Rab1 a4 12. Rxb7 dxc4 13. Bxc4
1-0

[Event "Summer Tournament"]
[Site "SchemingMind.com"]
[Date "2011.07.07"]
[Round "-"]
[White "aadaam"]
[Black "bartleby en passant"]
[Result "1-0"]
[WhiteCountry "INT"]
[BlackCountry "IRL"]
[WhiteElo "1578"]
[WhiteRD "78"]
[BlackElo "1585"]
[BlackRD "76"]
[GameID "288308"]

1. d4 Nf6 2. c4 e6 3. Nc3 Bb4 4. e3 c6 5. Nf3 d5 6. Qb3 Bxc3+ 7. Qxc3 O-O 8. Bd3 dxc4 9. Bxc4 b5 10. Bd3 Nbd7
11. Qxc6 Rb8 12. Bd2 Qb6 13. Qxb6 Rxb6 14. O-O a6 15. Rfc1 Bb7 16. Ne1 h6 17. Ba5 Rc6 18. Rxc6 Bxc6 19. Rc1 Rc8 20. f3 g5
21. Kf2 Nh5 22. g4 Ng7 23. e4 Bb7 24. Rxc8+ Bxc8 25. Nc2 Nf8 26. Bd2 Ng6 27. Nb4 Kf8 28. d5 exd5 29. Nxd5 Ne5 30. Ke3 Ne6
31. Bb4+ Ke8 32. Nf6+ Kd8 33. Ba5+ Ke7 34. Ng8+ Kf8 35. Nxh6 Kg7 36. Nf5+ Kf6 37. Bc3 Bd7 38. Nd6 Nf4 39. Bxe5+ Kxe5 40. Nxf7+ Ke6
41. Nxg5+
1-0

[Event "Summer Tournament"]
[Site "SchemingMind.com"]
[Date "2011.07.07"]
[Round "-"]
[White "aadaam"]
[Black "lennart"]
[Result "1-0"]
[WhiteCountry "INT"]
[BlackCountry "SWE"]
[WhiteElo "1556"]
[WhiteRD "87"]
[BlackElo "1526"]
[BlackRD "56"]
[GameID "288309"]

1. d4 d5 2. c4 dxc4 3. e3 Qd5 4. Nc3 Qc6 5. Nf3 Nf6 6. Ne5 Qe6 7. Bxc4 Qb6 8. Bxf7+ Kd8 9. Bb3 Be6 10. Nf7+ Bxf7
11. Bxf7 e6 12. d5 Qd6 13. Bxe6 Nbd7 14. O-O c6 15. dxc6 Qxe6 16. cxd7 Nxd7 17. Qa4 Be7 18. Rd1 Rf8 19. b3 Ke8 20. Nd5 Rc8
21. Nxe7 Kxe7 22. Ba3+ Nc5 23. Qxa7 Qe5 24. Qxb7+ Ke6 25. Qb6+ Kf7 26. Bxc5 Rxc5 27. Rd7+ Kg8 28. Rad1 Qf5 29. f3 Re5 30. Qc7 Qf6
31. Qc4+ Kh8 32. Qd4 Ree8 33. Qxf6 gxf6 34. Kf2 Rc8 35. a4 Rc2+ 36. R1d2
1-0

[Event "Summer Tournament"]
[Site "SchemingMind.com"]
[Date "2011.07.08"]
[Round "-"]
[White "aadaam"]
[Black "ramesse"]
[Result "0-1"]
[WhiteCountry "INT"]
[BlackCountry "SVK"]
[WhiteElo "1556"]
[WhiteRD "87"]
[BlackElo "1877"]
[BlackRD "94"]
[GameID "288310"]

1. d4 d5 2. c4 c6 3. Nc3 Nf6 4. e3 e6 5. Nf3 Nbd7 6. Be2 Bd6 7. O-O O-O 8. Qc2 e5 9. dxe5 Nxe5 10. cxd5 cxd5
11. Nxe5 Bxe5 12. Rd1 Be6 13. f4 Bd6 14. Bd2 Rc8 15. Qa4 Bc5 16. b4 Bb6 17. Rac1 Ng4 18. Bxg4 Bxg4 19. Re1 d4
0-1

[Event "Summer Tournament"]
[Site "SchemingMind.com"]
[Date "2011.07.08"]
[Round "-"]
[White "aadaam"]
[Black "pclaxton"]
[Result "1-0"]
[WhiteCountry "INT"]
[BlackCountry "ENG"]
[WhiteElo "1611"]
[WhiteRD "83"]
[BlackElo "1298"]
[BlackRD "61"]
[GameID "288311"]

1. d4 d5 2. c4 f5 3. cxd5 Qxd5 4. Nc3 Qd7 5. Bf4 Nc6 6. e3 e6 7. Nf3 Nf6 8. Bc4 Nd8 9. O-O c6 10. Qb3 h6
11. Rfe1 g5 12. Be5 Bg7 13. Rad1 Nf7 14. Bxf6 Bxf6 15. Ne5 Bxe5 16. dxe5 Qc7 17. Bxe6 O-O 18. Bxc8 Raxc8 19. e6 b5 20. exf7+ Rxf7
21. Rd2 Kf8 22. Qe6 Rh7 23. Qxf5+ Kg8 24. Red1 Kg7 25. Rd7+ Qxd7 26. Rxd7+ Kg8 27. Qxh7+ Kf8 28. Qh8#
1-0

[Event "Summer Tournament"]
[Site "SchemingMind.com"]
[Date "2011.07.07"]
[Round "-"]
[White "Mitch The Man"]
[Black "aadaam"]
[Result "0-1"]
[WhiteCountry "USA"]
[BlackCountry "INT"]
[WhiteElo "1381"]
[WhiteRD "58"]
[BlackElo "1556"]
[BlackRD "87"]
[GameID "288312"]

1. e4 c5 2. Bc4 Nc6 3. Qf3 Ne5 4. Bxf7+ Nxf7 5. Qh5 Nf6 6. Qxc5 Nxe4 7. Qe3 Nf6 8. h3 e6 9. c4 Be7 10. Ne2 O-O
11. O-O d5 12. b3 dxc4 13. bxc4 Qc7 14. d3 e5 15. Ba3 Bf5 16. Bxe7 Qxe7 17. Ng3 Bg6 18. Nd2 Rfd8 19. Nge4 Nxe4 20. dxe4 Rd4
21. Rfc1 Rad8 22. Nb3 Rxe4 23. Qxa7 Nd6 24. Nc5 Rxc4 25. Rxc4 Nxc4 26. Nxb7 Nd6 27. Qc5 Qxb7 28. Qxe5 Be4 29. Qe6+ Qf7
0-1

[Event "Summer Tournament"]
[Site "SchemingMind.com"]
[Date "2011.07.07"]
[Round "-"]
[White "grabapawn"]
[Black "aadaam"]
[Result "1/2-1/2"]
[WhiteCountry "USA"]
[BlackCountry "INT"]
[WhiteElo "1573"]
[WhiteRD "69"]
[BlackElo "1556"]
[BlackRD "87"]
[GameID "288313"]

1. e4 c5 2. d4 cxd4 3. c3 dxc3 4. Nxc3 Nc6 5. Bc4 Nf6 6. Nf3 d6 7. Qe2 e6 8. O-O Be7 9. Rd1 O-O 10. e5 Ng4
11. exd6 Bxd6 12. g3 Qe7 13. Bg5 f6 14. Be3 Nxe3 15. Qxe3 Bc5 16. Qe4 Bd7 17. Bb3 f5 18. Qe2 Rad8 19. Ne5 Nxe5 20. Qxe5 Rfe8
21. Ba4 Bxa4 22. Rxd8 Rxd8 23. Nxa4 Bd6 24. Qe3 b5 25. Nc3 Bc5 26. Qf3 b4 27. Ne2 g5 28. Re1 Rd2 29. h3 Rxb2 30. g4 f4
31. Qa8+ Kf7 32. Qh8 Rxa2 33. Qxh7+ Kf6 34. Qh6+ Kf7 35. Qh7+ Kf6 36. Qh6+=
1/2-1/2

[Event "Summer Tournament"]
[Site "SchemingMind.com"]
[Date "2011.07.08"]
[Round "-"]
[White "jacksrking"]
[Black "aadaam"]
[Result "0-1"]
[WhiteCountry "USA"]
[BlackCountry "INT"]
[WhiteElo "1308"]
[WhiteRD "61"]
[BlackElo "1611"]
[BlackRD "83"]
[GameID "288314"]

1. e4 c5 2. Nf3 d6 3. d4 cxd4 4. Nxd4 Nf6 5. Bd3 e5 6. Nf5 g6 7. Ng3 Be6 8. Nc3 Nc6 9. Bg5 Be7 10. Qf3 h6
11. Bxf6 Bxf6 12. O-O-O Qd7
0-1

[Event "Summer Tournament"]
[Site "SchemingMind.com"]
[Date "2011.07.08"]
[Round "-"]
[White "bartleby en passant"]
[Black "aadaam"]
[Result "1-0"]
[WhiteCountry "IRL"]
[BlackCountry "INT"]
[WhiteElo "1585"]
[WhiteRD "76"]
[BlackElo "1578"]
[BlackRD "78"]
[GameID "288315"]

1. d4 Nf6 2. c4 e6 3. Nc3 Bb4 4. a3 Bxc3+ 5. bxc3 c5 6. dxc5 Qa5 7. Qc2 Qxc5 8. e3 O-O 9. Nf3 b6 10. Bd3 Ba6
11. e4 Bxc4 12. e5 Bxd3 13. Qxd3 Nd5 14. c4 Ne7 15. O-O Nbc6 16. Re1 Rfd8 17. Be3 Qa5 18. Bg5 d6 19. Bxe7 Nxe7 20. exd6 Nf5
21. d7 Qa4 22. Red1 a6 23. Rab1 Ra7 24. Qc3 Rdxd7 25. Re1 Rac7 26. Rxb6 h6 27. Rb4 Qc6 28. Ne5
1-0

[Event "Summer Tournament"]
[Site "SchemingMind.com"]
[Date "2011.07.07"]
[Round "-"]
[White "lennart"]
[Black "aadaam"]
[Result "0-1"]
[WhiteCountry "SWE"]
[BlackCountry "INT"]
[WhiteElo "1526"]
[WhiteRD "56"]
[BlackElo "1556"]
[BlackRD "87"]
[GameID "288316"]

1. e4 c5 2. Nf3 d6 3. Nc3 g6 4. Bc4 Bg7 5. O-O Nf6 6. d4 cxd4 7. Nxd4 O-O 8. Be3 a6 9. Qe2 b5 10. Bd3 Bb7
11. f3 Nc6 12. Nxc6 Bxc6 13. b3 Nd7 14. Bd2 Qb6+ 15. Kh1 Rac8 16. Rab1 Ne5 17. Nd5 Bxd5 18. exd5 Nxd3 19. Qxd3 e6 20. dxe6 fxe6
21. Rbe1 Rfe8 22. a3 Qc5 23. Bb4 Qxc2 24. Qxc2 Rxc2 25. Bxd6 Rd8 26. Bb4 Bf8 27. Ba5 Rd3 28. Rxe6 Rxb3 29. Rxa6 Rxa3 30. Ra8 Raa2
31. Rg1 Kf7
0-1

[Event "Summer Tournament"]
[Site "SchemingMind.com"]
[Date "2011.07.08"]
[Round "-"]
[White "ramesse"]
[Black "aadaam"]
[Result "1-0"]
[WhiteCountry "SVK"]
[BlackCountry "INT"]
[WhiteElo "1877"]
[WhiteRD "94"]
[BlackElo "1556"]
[BlackRD "87"]
[GameID "288317"]

1. e4 c5 2. Nf3 d6 3. d4 cxd4 4. Nxd4 Nf6 5. Nc3 a6 6. Be3 b5 7. f3 g6 8. Qd2 Bg7 9. a4 b4 10. Nd5 Nxd5
11. exd5 a5 12. Bh6 O-O 13. O-O-O Bxh6 14. Qxh6 Nd7 15. Nc6 Qe8 16. Bb5 Ba6 17. Rhe1 Bxb5 18. Nxe7+
1-0

[Event "Summer Tournament"]
[Site "SchemingMind.com"]
[Date "2011.07.08"]
[Round "-"]
[White "pclaxton"]
[Black "aadaam"]
[Result "0-1"]
[WhiteCountry "ENG"]
[BlackCountry "INT"]
[WhiteElo "1298"]
[WhiteRD "61"]
[BlackElo "1611"]
[BlackRD "83"]
[GameID "288318"]

1. e4 c5 2. Nf3 d6 3. Bb5+ Nc6 4. Bxc6+ bxc6 5. O-O g6 6. d3 Bg7 7. c3 Nf6 8. Re1 O-O 9. Bg5 Rb8 10. Nbd2 h6
11. Bxf6 Bxf6 12. Rb1 Qa5 13. Nc4 Qc7 14. b4 Bxc3 15. Re2 cxb4 16. Rb3 d5 17. Ne3 dxe4 18. dxe4 a5 19. a4 Rd8 20. Qc2 Ba6
21. Nd1 Bxe2 22. Qxe2 Be5 23. Nxe5 Qxe5 24. Nb2 Rd4 25. f3 Qc5 26. Nd3 Rxd3+ 27. Kf1 Qc1+ 28. Kf2 Rd2 29. Qxd2 Qxd2+ 30. Kg3 c5
31. h4 c4 32. Rb1 c3 33. Rh1 c2 34. Rf1 c1=Q 35. Rxc1 Qxc1 36. Kg4 e5 37. g3 h5+ 38. Kh3 Qh1#
0-1

[Event "Summer Tournament"]
[Site "SchemingMind.com"]
[Date "2011.07.07"]
[Round "-"]
[White "jtrochez1"]
[Black "Mitch The Man"]
[Result "1-0"]
[WhiteCountry "HON"]
[BlackCountry "USA"]
[WhiteElo "1628"]
[WhiteRD "57"]
[BlackElo "1381"]
[BlackRD "58"]
[GameID "288329"]

1. e4 e5 2. Bc4 c6 3. Nf3 d6 4. d3 h6 5. Nc3 Qe7 6. O-O Nf6 7. d4 Be6 8. d5 cxd5 9. exd5 Bd7 10. Nd4 exd4
11. Re1 Be6 12. dxe6 Kd8 13. Qxd4 Nfd7 14. Nd5 Qe8 15. Bf4 Nc6 16. exd7 Qxd7 17. Qd2 Kc8 18. Bb5 g5 19. Nf6 Qf5 20. Re8+ Nd8
21. Bd7+ Kc7 22. Bxf5
1-0

[Event "Summer Tournament"]
[Site "SchemingMind.com"]
[Date "2011.07.07"]
[Round "-"]
[White "jtrochez1"]
[Black "grabapawn"]
[Result "1-0"]
[WhiteCountry "HON"]
[BlackCountry "USA"]
[WhiteElo "1619"]
[WhiteRD "51"]
[BlackElo "1627"]
[BlackRD "66"]
[GameID "288330"]

1. e4 c5 2. Nf3 Nc6 3. d4 cxd4 4. Nxd4 e5 5. Nb3 Nf6 6. Nc3 Bb4 7. Bd3 d6 8. h3 O-O 9. O-O Be6 10. Be3 d5
11. exd5 Nxd5 12. Nxd5 Bxd5 13. c3 Bd6 14. Bxh7+ Kxh7 15. Qxd5 Rc8 16. Rad1 Be7 17. Qf3 Qe8 18. Bc5 b6 19. Bxe7 Nxe7 20. Qh5+ Kg8
21. Qxe5 Ng6 22. Qxe8 Rfxe8 23. Rfe1 Rxe1+ 24. Rxe1 Nf4 25. Nc1 Kf8 26. Kh2 Ne6 27. Re5 Ke7 28. Nd3 g6 29. Nf4 Kf6 30. Re4 Rd8
31. Nxe6 fxe6 32. Rd4 Rxd4 33. cxd4 Kf5 34. f3 a5 35. a4 e5 36. dxe5 Kxe5 37. Kg3 Kd4 38. Kf2 Kc4 39. g4 Kb3 40. h4 Kxb2
41. h5 gxh5 42. gxh5 Kb3 43. h6 Kxa4 44. h7 b5 45. h8=Q b4 46. Qa1+ Kb5 47. Ke3 b3 48. Qa3 a4 49. Kd4 Ka5 50. f4 Kb5
51. f5 Ka5 52. f6
1-0

[Event "Summer Tournament"]
[Site "SchemingMind.com"]
[Date "2011.07.08"]
[Round "-"]
[White "jtrochez1"]
[Black "jacksrking"]
[Result "1-0"]
[WhiteCountry "HON"]
[BlackCountry "USA"]
[WhiteElo "1619"]
[WhiteRD "51"]
[BlackElo "1308"]
[BlackRD "61"]
[GameID "288331"]

1. e4 c5 2. Nf3 d6 3. Nc3 Nc6 4. d4 cxd4 5. Nxd4 Nf6 6. Nb3 Be6 7. Be3 Bxb3 8. cxb3 g6 9. Be2 Bg7 10. O-O O-O
11. Bf3 e5 12. Qd2 h6 13. Nd5 a5 14. a3 b5 15. Rac1
1-0

[Event "Summer Tournament"]
[Site "SchemingMind.com"]
[Date "2011.07.09"]
[Round "-"]
[White "jtrochez1"]
[Black "bartleby en passant"]
[Result "0-1"]
[WhiteCountry "HON"]
[BlackCountry "IRL"]
[WhiteElo "1592"]
[WhiteRD "49"]
[BlackElo "1585"]
[BlackRD "76"]
[GameID "288332"]

1. e4 e5 2. Bc4 Nf6 3. d3 h6 4. Nf3 Nc6 5. a3 d5 6. exd5 Nxd5 7. O-O Be7 8. Bd2 O-O 9. h3 Be6 10. Ba2 a5
11. Qe2 Bd6 12. Nc3 Nxc3 13. Bxc3 Bxa2 14. Rxa2 Re8 15. Qd2 Qf6 16. Raa1 b6 17. Rae1 Re7 18. d4 exd4 19. Nxd4 Bf4 20. Qd1 Rxe1
21. Rxe1 Rd8 22. Qd3 Nxd4 23. Bxd4 Qc6 24. c3 Bg5 25. b4 axb4 26. axb4 Bf6 27. Qe3 Bxd4 28. cxd4 Qd6 29. b5 Qxd4 30. Qe7 Qd7
31. Qxd7 Rxd7 32. Re8+ Kh7 33. Rc8 Kg6 34. g4 Kf6 35. Re8 Rd5 36. f4 Rxb5 37. Rc8 Rc5 38. Kf2 b5 39. Rb8 c6 40. Ke3 Rc3+
41. Kd4 Rc4+ 42. Ke3 Rb4 43. Rb6 Rc4 44. h4 g6 45. Kd3 Kg7 46. g5 Rxf4 47. Rxc6 Rxh4 48. gxh6+ Kxh6 49. Rc5 b4
0-1

[Event "Summer Tournament"]
[Site "SchemingMind.com"]
[Date "2011.07.07"]
[Round "-"]
[White "jtrochez1"]
[Black "aadaam"]
[Result "0-1"]
[WhiteCountry "HON"]
[BlackCountry "INT"]
[WhiteElo "1619"]
[WhiteRD "51"]
[BlackElo "1611"]
[BlackRD "83"]
[GameID "288333"]

1. e4 c5 2. Nf3 d6 3. h3 Nf6 4. Nc3 g6 5. Bc4 Bg7 6. Nd5 Nxe4 7. d3 Nf6 8. O-O Nbd7 9. Re1 Nxd5 10. Bxd5 Nf6
11. Bb3 O-O 12. c3 b5 13. c4 bxc4 14. dxc4 Bb7 15. Bc2 Re8 16. Rb1 Qc7 17. b4 cxb4 18. Rxb4 a5 19. Rb1 Bxf3 20. Qxf3 Qxc4
21. Bb3 Qc7 22. Bg5 h6 23. Bf4 a4 24. Rbc1 Qd7 25. Bc2 e5 26. Bh2 e4 27. Bxe4 Nxe4 28. Rxe4 f5 29. Rxe8+ Rxe8 30. Qc6 Qxc6
0-1

[Event "Summer Tournament"]
[Site "SchemingMind.com"]
[Date "2011.07.07"]
[Round "-"]
[White "jtrochez1"]
[Black "lennart"]
[Result "0-1"]
[WhiteCountry "HON"]
[BlackCountry "SWE"]
[WhiteElo "1619"]
[WhiteRD "51"]
[BlackElo "1507"]
[BlackRD "58"]
[GameID "288334"]

1. e4 Nc6 2. Bc4 e6 3. Nf3 h6 4. d4 f6 5. d5 exd5 6. Bxd5 Nge7 7. c4 Ne5 8. Nxe5 fxe5 9. Nc3 c6 10. Qh5+ g6
11. Qxe5 Rh7 12. Bg8 d6 13. Qg3 Rg7 14. Bd5 cxd5 15. exd5 Rh7 16. O-O b6 17. Ne4 Nf5 18. Qxg6+ Rf7 19. b3 Bg7 20. Rb1 Kf8
21. Bb2 Bxb2 22. Rxb2 Bd7 23. Nxd6 Rf6 24. Qh5 Nxd6 25. f4 Qe7 26. Re2 Qg7 27. Rfe1 Bg4 28. Qe5 Bxe2 29. Rxe2 Re8 30. Qb2 Rxe2
31. Qxe2 Rxf4 32. g3 Rf7 33. b4 Qd4+
0-1

[Event "Summer Tournament"]
[Site "SchemingMind.com"]
[Date "2011.07.08"]
[Round "-"]
[White "jtrochez1"]
[Black "ramesse"]
[Result "0-1"]
[WhiteCountry "HON"]
[BlackCountry "SVK"]
[WhiteElo "1592"]
[WhiteRD "49"]
[BlackElo "2171"]
[BlackRD "61"]
[GameID "288335"]

1. e4 c5 2. Nf3 d6 3. d4 cxd4 4. Nxd4 Nf6 5. Bd3 Nc6 6. Nb3 g6 7. h3 Bg7 8. Nc3 O-O 9. Be3 d5 10. exd5 Nxd5
11. Bd2 a5 12. O-O Nxc3 13. Bxc3 Bxc3 14. bxc3 a4 15. Nc5 Qa5 16. Ne4 f5 17. Ng5 Qxc3 18. Re1 e5 19. Qe2 Kg7 20. h4 h6
21. Nh3 e4 22. Bc4 Nd4 23. Qf1 f4 24. Rxe4 Bxh3 25. Re7+ Kf6 26. Rae1 Rac8 27. Bd3 Bf5 28. Bxf5 gxf5 29. Qd3 Qxd3 30. cxd3 Rg8
31. Kf1 Rg4 32. Rd7 Rxh4 33. Rxd4 Rh1+ 34. Ke2 Re8+ 35. Re4 Rxe1+ 36. Kxe1 fxe4 37. dxe4 Rxe4+ 38. Kf1 a3 39. f3 Rc4
0-1